Statistics for Word Scramble - Countries

Click here to take the quiz!

General Stats

  • This quiz has been taken 36 times
  • The average score is 14 of 15

Answer Stats

CountryAnswer% Correct
peygtEgypt
100%
aqirIraq
100%
anapjJapan
100%
palenNepal
100%
enw nazeldaNew Zealand
100%
wdesenSweden
100%
tievamnVietnam
100%
latuoprgPortugal
97%
arfnecFrance
90%
msaoaSamoa
90%
asilomaSomalia
90%
lycheeselsSeychelles
84%
mnrdkeaDenmark
81%
iamacdobCambodia
77%
icarmreaAmerica
58%

Score Distribution

Percentile by Number Answered

Percent of People with Each Score

Your Score History

You have not taken this quiz